01073nam a2200217 a 4500008004100000020001500041050001500056100001700071245002400088246004900112260004200161300002100203350000900224650001400233650003900247995015100286995015100437999001700588952012500605952012500730120416s1991 ||||||||||||||||| || u a1853390771 aHC 800 Mad aMadley, John10aWhen aid is no help ahow projects fail and how they could succeed aLondonbINTERMEDIATE TECHNOLOGYc1991 axii, 132p. : ill a0.00 0aECONOMICS aECONOMIC AID--DEVELOPING COUNTRIES aANNEX COLLECTION (Main Library)D0.00e724208FCBU-MAIN LIBRARY (Kitwe)H1I4395.60jHC 800 MadM1UAVAILABLEy003285ZAnnex Low-Usage Collection  aANNEX COLLECTION (Main Library)D0.00e724207FCBU-MAIN LIBRARY (Kitwe)H2I4395.60jHC 800 MadM2UAVAILABLEy003284ZAnnex Low-Usage Collection  c83114d83114 00102lcc4070a001b001cAnnex Low-Usage Collectiond2023-10-25l0oHC 800 Madp003285r2023-10-25t1w2023-10-25y002 00102lcc4070a001b001cAnnex Low-Usage Collectiond2023-10-25l0oHC 800 Madp003284r2023-10-25t2w2023-10-25y002